|
|
|
|
| LEADER |
04587nam a22003973i 4500 |
| 001 |
EBC7101061 |
| 003 |
MiAaPQ |
| 005 |
20240729202203.0 |
| 006 |
m o d | |
| 007 |
cr cnu|||||||| |
| 008 |
240729s1989 xx o ||||0 ger d |
| 020 |
|
|
|a 9783428466955
|q (electronic bk.)
|
| 020 |
|
|
|z 9783428066957
|
| 035 |
|
|
|a (MiAaPQ)EBC7101061
|
| 035 |
|
|
|a (Au-PeEL)EBL7101061
|
| 035 |
|
|
|a (OCoLC)1347028139
|
| 040 |
|
|
|a MiAaPQ
|b eng
|e rda
|e pn
|c MiAaPQ
|d MiAaPQ
|
| 100 |
1 |
|
|a Felderer, Bernhard.
|
| 245 |
1 |
0 |
|a Einkommensverteilung und Bevölkerungsentwicklung.
|
| 250 |
|
|
|a 1st ed.
|
| 264 |
|
1 |
|a Berlin :
|b Duncker & Humblot,
|c 1989.
|
| 264 |
|
4 |
|c {copy}1989.
|
| 300 |
|
|
|a 1 online resource (155 pages)
|
| 336 |
|
|
|a text
|b txt
|2 rdacontent
|
| 337 |
|
|
|a computer
|b c
|2 rdamedia
|
| 338 |
|
|
|a online resource
|b cr
|2 rdacarrier
|
| 490 |
1 |
|
|a Schriften des Vereins Für Socialpolitik Series
|
| 505 |
0 |
|
|a Intro -- Vorwort des Herausgebers -- Inhaltsverzeichnis -- D. Kessler/P. Pestieau: The Distributional Effects of Demographic Variables -- Abstract -- 1. Introduction -- 2. Conceptual issues -- 2.1. Inequality -- 2.2. Demographic variables -- 2.3. How variable are demographic variables? -- 3. Age and income: life-cycle or generational effect? -- 3.1. Age composition and income distribution -- 3.2. Cohort size and earnings -- 3.3. The relative well-being of the elderly -- 4. Other demographic factors -- 4.1. Variable family size -- 4.2. Differential mortality -- 4.3. Household formation and dissolution -- 4.4. Inheritance rules -- 4.5. Migration -- 5. Conclusion -- References -- Robert K. von Weizsäcker, Bonn: Demographischer Wandel, Staatshaushalt und Einkommensverteilung -- I. Motivation -- II. Überblick -- III. Mikro-Ebene, Makro-Ebene und Staatshaushalt: Die allgemeine Struktur des Modells -- IV. Demographie und Verteilung: Resultate -- IV.1 Umverteilungsbesteuerung, Rentenfinanzierung und demographischer Wandel -- IV.1.A Spezifische Inzidenz -- IV.1.B Budgetinzidenz -- IV.1.C Quantitative Sensitivitätsanalyse -- IV.2 Anpassungsreaktionen, Altersstruktur und Einkommensverlauf -- IV.2.A Spezifische Inzidenz -- IV.2.B Budgetinzidenz -- IV.2.C Quantitative Sensitivitätsanalyse -- Literaturverzeichnis -- Karlheinz Pohmer, Saarbrücken: Der Einfluß der Bevölkerungsentwicklung auf die personelle Verteilung von Einkommen und Vermögen -- I. Altersverteilung und Einkommensverteilung -- II. Einkommen und Vermögen als Resultat intertemporaler Wahlhandlungen -- 1. Modell des intertemporalen Faktorangebots -- 2. Die Optimalbedingungen -- 3. Der optimale Lebensverlauf -- III. Der Aufbau der Modellbevölkerung -- 1. Die Charakteristika der Wirtschaftssubjekte -- 2. Die Altersstruktur der Modellbevölkerung -- 3. Die Bildung von Haushalten.
|
| 505 |
8 |
|
|a IV. Die Verteilung von Einkommen und Vermögen bei einer stationären Bevölkerung -- V. Die Verteilung von Einkommen und Vermögen bei steigender Bevölkerungszahl -- VI. Die Verteilung von Einkommen und Vermögen bei sinkender Bevölkerungszahl -- VII. Kritische Wertung der Ergebnisse -- Literaturverzeichnis -- Friedrich Breyer, Hagen/J.-Matthias Graf von der Schulenburg, Berlin: Social Security, Demographic Change, and the Reversibility of Majority Decisions -- 1. Introduction -- 2. The Basic Model -- 3. The Dynamic Voting Process -- 3.1. The Reversibility of the Voting Decision -- 3.2 Types of Demographic Change -- 4. The Voting Hypothesis -- 5. The Outcome of the Voting Process -- 6. Conclusions -- References -- Gerhard Schwödiauer, Bielefeld/Alois Wenig, Hagen: Accidental Bequests, Social Security, and the Distribution of Wealth -- 1. Introduction -- 2. The Model -- 3. Individual Saving Behavior and the Distribution of Wealth and Consumption in the Case π' = 0 -- 4. Comparative Static Properties of Steady-State Distributions of Wealth and Consumption -- 5. Concluding Remarks -- References.
|
| 588 |
|
|
|a Description based on publisher supplied metadata and other sources.
|
| 590 |
|
|
|a Electronic reproduction. Ann Arbor, Michigan : ProQuest Ebook Central, 2024. Available via World Wide Web. Access may be limited to ProQuest Ebook Central affiliated libraries.
|
| 655 |
|
4 |
|a Electronic books.
|
| 776 |
0 |
8 |
|i Print version:
|a Felderer, Bernhard
|t Einkommensverteilung und Bevölkerungsentwicklung
|d Berlin : Duncker & Humblot,c1989
|z 9783428066957
|
| 797 |
2 |
|
|a ProQuest (Firm)
|
| 830 |
|
0 |
|a Schriften des Vereins Für Socialpolitik Series
|
| 856 |
4 |
0 |
|u https://ebookcentral.proquest.com/lib/matrademy/detail.action?docID=7101061
|z Click to View
|